000 01204nam a2200349Ic 4500
001 58060
003 CO-BoRNBP
005 20250814221909.0
007 ta
008 161213s2016 ck a g 000 0 spa
020 _a9789581414703
040 _aCO-BoRNBP
_bspa
_erda
_cCO-BoRNBP
041 _aspa
084 _aC
100 _aSirvent, Gema
_eaut
_962350
245 1 0 _aHugo y el dragón de la noche /
_cGema Sirvent y Vicente Cruz.
250 _aEdición especial
264 1 _aBogotá, Colombia :
_bPlaza and Janés,
_c2016
300 _a[32] páginas sin numerar :
_bilustraciones a color
336 _atexto
_btxt
_2rdacontent
337 _asin mediación
_bn
_2rdamedia
338 _avolumen
_bnc
_2rdacarrier
490 0 _aPlan Nacional de Lectura y Escritura Leer es mi Cuento. 2016
521 _aRecomendado para niños de 2 a 4 años
650 0 4 _aCuentos infantiles españoles
_ysiglo xx
_2LEMB
_9928
650 0 7 _aDragones en la literatura
_2lemb
_962351
650 0 4 _aLiteratura infantil española
_ysiglo xx
_2LEMB
_9845
650 0 7 _aSueños en la literatura
_2LEMB
_92104
650 0 7 _aAventuras en la literatura
_2LEMB
_9492
700 _aCruz, Vicente
_962352
942 _2loc
_cBKINF
999 _c58060
_d58060